| 000 | 00361 a2200133 4500 | ||
|---|---|---|---|
| 005 | 20250602081002.0 | ||
| 020 | _a7121 1346 0 | ||
| 082 | _aLECT 657.42 BAT | ||
| 100 | _aBATTY, J. | ||
| 245 | _aManagerial Standard Costing. | ||
| 260 |
_aLondon, _bMacdonald & Evans Ltd, _c1970. |
||
| 300 |
_aix, 221p.: ill.; table _bBibliography & Index _c22cm. |
||
| 942 |
_2ddc _cBKS |
||
| 999 |
_c2954 _d2954 |
||